Personnages d'anime (manga) en images - L - Statistiques

Statistiques générales
  • Ce quiz a été pris 561 fois
  • Le résultat moyen est 5 sur 20
Statistiques - réponses
Par images Réponse % Correct
Livai
93%
Lelouch vi Britannia
79%
Laboon
64%
Loid Forger
52%
Leorio Paladinaito
49%
Lev Haiba
41%
Luck Voltia
29%
Lunch
22%
Ling Yao
19%
Lemon Irvine
13%
Leif Erikson
11%
Leone
10%
Lenalee Lee
7%
Louis James Moriarty
7%
Lalatina Dustiness Ford
5%
Lambo
4%
Leonardo Watch
3%
Liliruca Arde
2%
Lelei La Lalena
1%
Loser
0%
Aucun quiz correspondant
Distribution des résultats
% des personnes avec chaque résultat
Percentile par nombre de réponses
Votre historique - résultats
Vous n’avez pas pris ce quiz